Pop Culture Movies: True or False - Statistics

General Stats
  • This quiz has been taken 93 times
  • The average score is 44 of 120
Answer Stats
Question Answer % Correct
In Disney's Cinderella, Cinderella stands up for herself and leaves her step family and finds a cottage in the forest to live in False
61%
In the movie Top Gun, Maverick is played by Tom Cruise True
61%
In Disney's Beauty and the Beast movie from 1991, Belle falls in love with Beast True
60%
In Disney's Frozen, Elsa has ice powers True
60%
In Disney's Lion King movie from 1994, Mufasa's life ended when his brother Scar put poison in Mufasa's drink and Mufasa drank that poisoned drink False
58%
There's a movie version of the play Wicked True
57%
In Disney's Cinderella from 1950, The Fairy Godmother turns a pumpkin into a carriage True
56%
In Disney's Lion King from 1994, Scar wants to be king True
56%
In The Wizard of OZ movie from 1939, Dorothy becomes the Good Witch of the South False
55%
In Disney's Pinocchio, Pinocchio is a real boy throughout the whole movie False
55%
In The Wizard of OZ movie from 1939, the red brick road leads to Willy Wonka's chocolate factory False
55%
In the movie How the Grinch Stole Christmas, The Grinch is Pink and likes Valentine's Day more than Christmas False
55%
The movie Matilda is based on the book Matilda by Rold Dahl True
55%
In Disney's Frozen, Olaf is a snowman True
55%
In Disney's Dumbo, Dumbo can fly True
55%
In Disney's Jungle Book, there's a bear named Baloo True
55%
In Disney's Peter Pan, Captain Hook is Wendy's uncle and Mr. Darling is Captain Hook's brother False
54%
In Disney's Finding Nemo, Nemo is a clown fish True
54%
In Disney's Mary Poppins, Mary Poppins is a nanny True
54%
In Disney's Cinderella from 1950, Cinderella has mouse friends named Jacques and Gus True
54%
In Disney's Cinderella, the Fairy Godmother gives Cinderella glass slippers to wear to the ball True
54%
In Disney's Dumbo, Dumbo has a very very long trunk False
52%
In Willy Wonka and the Chocolate Factory movie from 1971, Charlie is the last kid left at the end of the tour of Willy Wonka's factory True
52%
Disney's Little Mermaid is based on a book by Hans Christian Andersen True
52%
In the movie Shrek, Shrek lives in a swamp True
52%
In Disney's Alice in Wonderland movie from 1951, there's a white rabbit True
52%
In The Wizard of OZ movie from 1939, Dorothy gets married False
51%
In Disney's Aladdin, Aladdin is a foreign prince False
51%
In Disney's Hercules, Hercules never gets kidnapped and lives on Mount Olympus as a Greek god False
51%
In Disney's Little Mermaid from 1989, Ariel has blonde hair False
51%
In the movie The Princess dairies, Mia is a princess and she has known it since birth and was brought up as a princess in a real palace False
51%
In The Wizard of OZ movie from 1939, The Scarecrow wants a brain and dislikes fire True
51%
In Disney's Finding Nemo, Dory came up with the phrase "Just keep swimming" True
51%
In the movie Wicked, Glinda is played by Michelle Williams and Elphaba is played by Mila Kunis False
50%
In Disney's Tangled, Rapunzel has black hair False
50%
In the movie Shrek, Lord Farquaad is very tall False
50%
In The Wizard of OZ movie from 1939, Glinda's palace is shown False
50%
In the movie How the Grinch Stole Christmas, the Grinch has a dog named Max True
50%
Disney's Song of the South movie is one of the least controversial Disney movies ever made False
49%
The Grinch from How the Grinch Stole Christmas movie lives on mount crumpit True
49%
In the movie Charlie and the Chocolate Factory, Willy Wonka is played by Timothee Chalamet False
48%
In the movie Charlie and the Chocolate Factory, Charlie is played by Cole Sprouse False
48%
In the Rodgers and Hammerstein Sound of Music movie, Captain Von Trapp is poor False
48%
In Disney's Cinderella from 1950, The Fairy Godmother tells Cinderella to be home by 2am because that is when the magic wears off False
48%
In Disney's Peter Pan from 1953, Mr. Darling and Captain Hook have the same voice actor True
48%
In Willy Wonka and the Chocolate Factory movie from 1971, Willy Wonka sings Pure Imagination True
48%
Whoopi Goldberg is in the movie Sister Act True
48%
Disney's Princess and the Frog movie is based on the story of The Frog Prince True
48%
In the movie Shrek, Shrek and Donkey save Princess Fiona True
48%
The movie West Side Story is based on a play of the same name True
48%
The movie Remember the Titans is about a soccer team False
46%
In the Shrek movie, Lord Farquaad wants to marry Snow White False
46%
In the movie Shrek, Lord Farquaad marries Princess Fiona and become husband and wife False
46%
The Wizard of OZ movie from 1939 is based on a book called The Wonderful Wizard of OZ that was published in 1900 True
45%
Disney's Frozen is based on the book The Snow Queen True
45%
In the movie Shrek, Fiona becomes an Ogre at night time True
45%
In The Wizard of OZ movie from 1939, The Wicked Witch of the West gets the ruby slippers and then leaves Munchkin Country False
44%
In the movie Shrek, Shrek is an anthropomorphic Onion False
44%
In Disney's Frozen 2, Anna and Kristoff get married and have their first child False
44%
The movie Wicked has 2 parts True
44%
In The Wizard of OZ movie from 1939, the snow that glinda sends down to the Poppy field to wake up Dorothy and the Cowardly Lion from the Poppies that the Wicked Witch of the West put a sleeping spell on is actually asbestos True
43%
In Disney's Snow White from 1937, Dopey doesn't speak True
43%
In Disney's Little Mermaid from 1989, Vanessa is really Ursula the sea witch True
42%
In Disney's The Tigger Movie, Tigger wants to find his Tigger family True
42%
In The Wizard of OZ movie from 1939, The slippers that were on the Wicked Witch of the East and then given to Dorothy when she arrived in OZ were Emerald slippers and were given to her by Glinda the Good Witch of the North False
40%
In the Rodgers and Hammerstein Sound of Music movie, Maria and Captain Von Trapp went to school with each other during their childhoods False
40%
In The Wizard of OZ movie from 1939, Glinda wears a blue ballgown False
40%
In Disney's The Tigger Movie, Tigger gives Roo his special empty locket True
40%
In The Wizard of OZ movie from 1939, Glinda arrives in a bubble True
40%
In the Rodgers and Hammerstein Sound of Music movie, the movie is set in the year of 1910 False
39%
In Disney's High School Musical, Sharpay is dating Troy Bolton False
39%
In Disney's Lady and the Tramp from 1955, there are 2 Siamese cats True
39%
In the movie Charlie and the Chocolate Factory, Verruca Salt wants a pet squirrel from Willy Wonka's Factory True
38%
In The Wizard of OZ movie from 1939, The Wicked Witch of the West and the Wicked Witch of the East are sisters True
38%
In the Rodgers and Hammerstein Sound of Music movie, Maria is a duchess False
36%
In the Rodgers and Hammerstein Sound of Music movie, Maria and Captain Von Trapp do not get married to each other False
36%
In The Wizard of OZ movie from 1939, the voice actress of Disney's 1937 movie Snow White is heard in the song If I Only Had a Heart; despite not being listed in the movie credits True
36%
The movie The Music Man is based on a play of the same name True
36%
In the Rodgers and Hammerstein Sound of Music movie, the movie takes place in Switzerland False
35%
The Wizard of OZ movie from 1939, Dorothy's house lands on the Wicked Witch of the West when Dorothy arrives in the land of OZ False
35%
In the Rodgers and Hammerstein Sound of Music movie, Liesl is the youngest Von Trapp child False
33%
In Disney's Melody Time from 1948, the story of Johnny Appleseed is featured in it True
33%
In The Wizard of OZ movie from 1939, there's a deleted jitterbug scene that never made it to the final film True
33%
In the movie Gone with the Wind, the movie is set during the Revolutionary War False
31%
In The Wizard of OZ movie from 1939, The Wicked Witch of the West wanted the ruby slippers so that she could destroy it and get rid of it False
31%
In the movie West Side Story the movie has the song I Feel Pretty featured in it True
31%
In The Wizard of OZ movie from 1939, Glinda is the Good Witch of the South False
30%
In Disney's Pocahontas, Pocahontas and John Smith get married at the end of the movie False
30%
In Disney's Beauty and the Beast from 1991, Mrs. Potts is voiced by Elizabeth Taylor False
30%
In the Rodgers and Hammerstein Sound of Music movie, Captain Von Trapp's Oldest Child is Friedrich False
29%
In the movie Gone with the Wind, Scarlet O'Hera is played by Audrey Hepburn False
29%
In Disney's Cinderella from 1950, Cinderella is voiced by Grace Kelly False
27%
In the movie Gone with the Wind, the movie is set in the 18th Century False
24%
In Disney's Aladdin, the sultan fires Jafar False
24%
In The Wizard of OZ movie from 1939, Glinda tells Dorothy about the ruby slippers being able to get her home to Kansas after the Wicked Witch of the West leaves Munchkin Country after the Wicked Witch of the West threatened Dorothy False
23%
In Disney's Princess and the Frog, when Tiana kisses the frog the frog turns into a human that's Prince Naveen False
20%
In Disney's Peter Pan, the crocodile finally eats Captain Hook False
20%
In the Rodgers and Hammerstein Sound of Music movie, Captain Von Trapp has 8 children False
18%
In Disney's Peter Pan from 1953, Captain Hook kidnaps Wendy False
11%
In Disney's 1950 Cinderella movie, Cinderella loses her shoe more than once True
11%
No matching quizzes found
Score Distribution
Percent of People with Each Score
Percentile by Number Answered
Your Score History
You have not taken this quiz